000 00144 a2200073 4500
020 _a9780620467575
082 _a615.7 DAI
245 _aDaily Drug Use
999 _c791510
_d791509
942 _w223
_xZanele Mgwenya
_y223
_zZanele Mgwenya